| 000 | 00573 a2200241 4500 | ||
|---|---|---|---|
| 260 | _a[Paris] | ||
| 100 | _aBühler, H. | ||
| 260 | _bDunod | ||
| 245 | _aElectronique de puissance | ||
| 650 | _a<Allure du courant continu> | ||
| 650 | _a<Electronique de puissance> | ||
| 650 | _a<Conduction intermittente> | ||
| 300 | _bfig., 24 cm | ||
| 260 | _c1987 | ||
| 130 | _lFr. | ||
| 035 | _a9800 | ||
| 020 | _a2-04-011584-6 | ||
| 999 |
_c16077 _d16077 |
||